000 00688nam a2200241 4500
003 OSt
005 20260601193843.0
008 260507b1972 |||||||| |||| 00| 0 spa d
020 _a8471590794
040 _aICI
_bspa
_cICI
050 _aP90
_bS44
100 1 _aRossi Landi, Ferruccio
_931053
245 1 _aSemiotica y Praxis
_cPor f. rossi-landi, j. kristeva, y. m. lotman. y otros.
264 _aa Barcelona :
_bA. Redondo,
_c1972
300 _a102 páginas
336 _atexto
_2rdacontent
337 _asin medio
_2rdamedia
338 _avolumen
_2rdacarrier
490 _a Cuadernos beta ;
_v20
650 _aSemántica
700 _aKristeva, Julia
_931055
942 _2lcc
_cB
_n1
999 _c21523
_d21523